Modern industrial electronics (Record no. 70420)

000 -LEADER
fixed length control field 00446nam a22001697a 4500
003 - CONTROL NUMBER IDENTIFIER
control field NUST - PNEC
005 - DATE AND TIME OF LATEST TRANSACTION
control field 20170116181139.0
008 - FIXED-LENGTH DATA ELEMENTS--GENERAL INFORMATION
fixed length control field 151007b xxu||||| |||| 00| 0 eng d
020 ## - INTERNATIONAL STANDARD BOOK NUMBER
International Standard Book Number 0130156760
040 ## - CATALOGING SOURCE
Transcribing agency LIBRARY
082 ## - DEWEY DECIMAL CLASSIFICATION NUMBER
Classification number 629.89 MAL
100 ## - MAIN ENTRY--PERSONAL NAME
9 (RLIN) 14546
Personal name Maloney, Timothy J
245 ## - TITLE STATEMENT
Title Modern industrial electronics
Statement of responsibility, etc. Timothy J,Maloney
260 ## - PUBLICATION, DISTRIBUTION, ETC.
Date of publication, distribution, etc. c 2001
650 ## - SUBJECT ADDED ENTRY--TOPICAL TERM
9 (RLIN) 14547
Topical term or geographic name entry element Industrial electronics
General subdivision EE/EL
942 ## - ADDED ENTRY ELEMENTS (KOHA)
Source of classification or shelving scheme
Koha item type Book
Holdings
Withdrawn status Lost status Source of classification or shelving scheme Damaged status Not for loan Permanent Location Current Location Shelving location Date acquired Total Checkouts Full call number Barcode Date last seen Date last checked out Price effective from Koha item type
          Pakistan Navy Engineering College (PNEC) Pakistan Navy Engineering College (PNEC)   10/07/2015 1 629.89 MAL PNECLIB-026568 11/09/2016 10/13/2016   Book
© 2023 Central Library, National University of Sciences and Technology. All Rights Reserved.